| 000 | 00597nam a2200193 i 4500 | ||
|---|---|---|---|
| 001 | 31514 | ||
| 003 | ES-MaACL | ||
| 005 | 20240528100644.0 | ||
| 007 | t| | ||
| 008 | 030129s1970 sp ||||1| cat d | ||
| 100 | 1 |
_aBenet i Jornet, Josep M. _927545 |
|
| 245 | 1 | 0 |
_aMarc i Jofre, o els alquimistes de la fortuna / _cJosep M. Benet i Jornet ; próleg de Joaquín Molas. |
| 250 | _a[1ª ed.]. | ||
| 260 |
_aBarcelona : _bEdiciones 62, _c[1970] |
||
| 300 |
_a155 p. ; _c17 cm. |
||
| 700 | 1 |
_aMolas, Joaquim, _d1930-2015 _981845 |
|
| 852 |
_aES-MaACL _jC-42012 _bR.76509 |
||
| 999 |
_c31514 _d31514 |
||